Nazionali qualificate solo una volta ai Mondiali - Statistics

Statistiche generali
  • Questo quiz è stato fatto 25 volte
  • Il punteggio medio è 10 su 20
Statistiche sulle risposte
Continente Edizione in cui ha partecipato Nazionale % Corretto
Asia 2002 Cina
73%
America del Nord 1974 Haiti
73%
Asia 2022 Qatar
73%
Europa 2014 Bosnia ed Erzegovina
64%
Europa 2018 Islanda
64%
America del Nord 2018 Panama
64%
America del Nord 1938 Cuba
59%
America del Nord 2006 Trinidad e Tobago
55%
America del Nord 1998 Giamaica
50%
Asia 1986 Iraq
50%
Africa 1974 Repubblica Democratica del Congo / Zaire
50%
Asia 1950 Indonesia / Indie orientali olandesi
45%
Africa 2006 Angola
41%
Asia 1990 Emirati Arabi Uniti
41%
Asia 1970 Israele
41%
Europa 2010 Slovacchia
41%
Africa 2006 Togo
41%
Europa 2006 Ucraina
41%
Asia 1982 Kuwait
36%
Europa 1974 Germania Est
18%
Nessun quiz corrispondente trovato
Distribuzione punteggi
Percentuale di utenti per punteggio
Percentile per numero di risposta
I tuoi punteggi nel tempo
Non hai fatto questo quiz